Cities and Towns in Franklin County, MA - Statistics

General Stats
  • This quiz has been taken 13 times
  • The average score is 24 of 26
Answer Stats
Letter Answer % Correct
C Colrain
100%
D Deerfield
100%
E Erving
100%
G Gill
100%
H Hawley
100%
H Heath
100%
M Monroe
100%
O Orange
100%
R Rowe
100%
S Shutesbury
100%
W Wendell
100%
B Bernardston
90%
B Buckland
90%
C Charlemont
90%
C Conway
90%
M Montague
90%
N New Salem
90%
N Northfield
90%
S Shelburne
90%
S Sunderland
90%
G Greenfield*
90%
W Whately
90%
A Ashfield
80%
L Leverett
80%
L Leyden
80%
W Warwick
80%
No matching quizzes found
Score Distribution
Percent of People with Each Score
Percentile by Number Answered
Your Score History
You have not taken this quiz